[Event "Women's Speed Chess Q4"]
[Site "chess.com INT"]
[Date "2020.06.21"]
[Round "7"]
[White "Cori T., Deysi"]
[Black "Gevorgyan, Maria"]
[Result "1-0"]
[WhiteTitle "WGM"]
[BlackTitle "WGM"]
[WhiteElo "2388"]
[BlackElo "2228"]
[WhiteFideId "3801934"]
[BlackFideId "13300270"]
[EventDate "2020.06.21"]

1. d4 Nf6 2. Nf3 g6 3. g3 Bg7 4. Bg2 O-O 5. O-O c5 6. d5 b5 7. a4 b4 8. a5 d6 9.
Re1 Ba6 10. e4 Nbd7 11. Nbd2 Rb8 12. h3 Qc7 13. Nb3 Rb5 14. Bf1 Re8 15. Bxb5
Bxb5 16. Bg5 h6 17. Bf4 Nh5 18. Bc1 Ba6 19. Kg2 e6 20. dxe6 Rxe6 21. g4 Nhf6 22.
Bf4 Bb7 23. Nbd2 Qc6 24. a6 Ba8 25. Qe2 d5 26. e5 Ne4 27. Kh2 g5 28. Bg3 Nxe5
29. Bxe5 Bxe5+ 30. Nxe5 Rxe5 31. f3 Nxd2 32. Qxd2 Re6 33. Rxe6 fxe6 34. Qd3 Kg7
35. Re1 Qd6+ 36. Kg2 d4 37. Qb5 Bc6 38. Qc4 Kf6 39. Re2 Qf4 40. Qxe6+ Kg7 41.
Qxc6 1-0

[Event "Women's Speed Chess Q4"]
[Site "chess.com INT"]
[Date "2020.06.21"]
[Round "7"]
[White "Matveeva, Olga"]
[Black "Gaponenko, Inna"]
[Result "1-0"]
[WhiteTitle "WIM"]
[BlackTitle "IM"]
[WhiteElo "2171"]
[BlackElo "2396"]
[WhiteFideId "24107018"]
[BlackFideId "14101181"]
[EventDate "2020.06.21"]

1. d4 g6 2. c4 Bg7 3. g3 Nf6 4. Bg2 c5 5. d5 d6 6. Nc3 O-O 7. Nf3 e6 8. O-O exd5
9. cxd5 Re8 10. Nd2 a6 11. a4 Nbd7 12. h3 Nh5 13. Nde4 Ndf6 14. Bg5 h6 15. Bd2
Nxe4 16. Nxe4 f5 17. Nc3 Nf6 18. Re1 Kh7 19. Qc2 Bd7 20. a5 b5 21. axb6 Qxb6 22.
Ra2 Rab8 23. Rea1 Bc8 24. Bc1 Qb3 25. Qd2 Ne4 26. Nxe4 fxe4 27. Ra4 Rb4 28. Rxb4
cxb4 29. h4 h5 30. Ra5 Bb7 31. Kh2 Re5 32. Qf4 Bxd5 33. Rxa6 Re7 34. Rxd6 Qc4
35. Qg5 Re6 36. Rxd5 Qc7 37. Rc5 Qd7 38. Bf4 b3 39. Rc7 1-0

[Event "Women's Speed Chess Q4"]
[Site "chess.com INT"]
[Date "2020.06.21"]
[Round "7"]
[White "Mamedjarova, Turkan"]
[Black "Hoang, Thi Bao Tram"]
[Result "1-0"]
[WhiteTitle "WGM"]
[BlackTitle "WGM"]
[WhiteElo "2309"]
[BlackElo "2288"]
[WhiteFideId "13402005"]
[BlackFideId "12401102"]
[EventDate "2020.06.21"]

1. d4 d5 2. c4 c6 3. cxd5 cxd5 4. Nc3 Nf6 5. Nf3 e6 6. Bg5 Bd7 7. e3 Qb6 8. Rb1
Ne4 9. Bf4 Bb4 10. Nd2 Qa5 11. Ndxe4 dxe4 12. Qd2 Bc6 13. a3 Be7 14. Nxe4 Qf5
15. Nc3 Qg6 16. Bg3 f5 17. d5 Bd7 18. Bc4 O-O 19. Rd1 Kh8 20. Ne2 exd5 21. Bxd5
Nc6 22. O-O Rad8 23. Bc7 Rc8 24. Bg3 Rcd8 25. Qc2 Bc8 26. Nf4 Qf6 27. Ba2 Bd6
28. Nd5 Qh6 29. Bxd6 Rxd6 30. Nf4 Rfd8 31. h3 Qf6 32. Rxd6 Qxd6 33. Bd5 Ne7 34.
Bf3 Qb6 35. Rd1 h6 36. Rxd8+ Qxd8 37. Qc3 Qd6 38. Nh5 Qg6 39. Qc7 Qf7 40. Nf4 a6
41. Qxe7 1-0

[Event "Women's Speed Chess Q4"]
[Site "chess.com INT"]
[Date "2020.06.21"]
[Round "7"]
[White "Balabayeva, Xeniya"]
[Black "Padmini, Rout"]
[Result "0-1"]
[WhiteTitle "WFM"]
[BlackTitle "IM"]
[WhiteElo "2146"]
[BlackElo "2370"]
[WhiteFideId "13719688"]
[BlackFideId "5029295"]
[EventDate "2020.06.21"]

1. e4 e5 2. Nf3 Nc6 3. Nc3 Nf6 4. Bb5 Nd4 5. Bc4 Bd6 6. d3 c6 7. a4 Bc7 8. Nxd4
exd4 9. Ne2 O-O 10. h3 d5 11. exd5 Nxd5 12. Bxd5 Qxd5 13. O-O c5 14. Bf4 Ba5 15.
Bd2 Bxd2 16. Qxd2 Bd7 17. b3 Bc6 18. f3 g6 19. Rae1 Rae8 20. Ng3 Re5 21. Ne4 Kg7
22. Qf4 f5 23. Ng3 Rfe8 24. Qg5 Rxe1 25. Nh5+ Kf8 26. Qh6+ Ke7 27. Rxe1+ Kd8 28.
Rxe8+ Bxe8 29. Qg5+ Kc8 30. Nf6 Qe6 31. Kf2 h6 32. Qh4 Qe3+ 33. Kg3 Qe1+ 0-1

[Event "Women's Speed Chess Q4"]
[Site "chess.com INT"]
[Date "2020.06.21"]
[Round "7"]
[White "Vijayalakshmi, Subbaraman"]
[Black "Stefanova, Antoaneta"]
[Result "1/2-1/2"]
[WhiteTitle "IM"]
[BlackTitle "GM"]
[WhiteElo "2332"]
[BlackElo "2462"]
[WhiteFideId "5004098"]
[BlackFideId "2902257"]
[EventDate "2020.06.21"]

1. Nf3 d5 2. d4 Nf6 3. g3 g6 4. Bg2 Bg7 5. O-O O-O 6. c4 c6 7. b3 dxc4 8. bxc4
c5 9. e3 cxd4 10. exd4 Nc6 11. Be3 Ng4 12. Nbd2 Nxe3 13. fxe3 Qa5 14. Nb3 Qh5
15. Rc1 Bh3 16. d5 Bxg2 17. Kxg2 Ne5 18. Nxe5 Qxe5 19. Qf3 Rac8 20. Nd4 Qd6 21.
Rc2 a6 22. Qe4 Rc7 23. Nf3 Rfc8 24. h4 b5 25. Rfc1 bxc4 26. Rxc4 Rxc4 27. Rxc4
Rxc4 28. Qxc4 Qa3 29. e4 Qb2+ 30. Kh3 Qf2 31. Qc8+ Bf8 32. Ne5 Qf1+ 33. Kh2 Qe2+
34. Kh3 Qxe4 35. Nd7 Qh1+ 36. Kg4 Qe4+ 37. Kh3 Qh1+ 38. Kg4 Qe4+ 39. Kh3 1/2-1/2

[Event "Women's Speed Chess Q4"]
[Site "chess.com INT"]
[Date "2020.06.21"]
[Round "7"]
[White "Dauletova, Gulmira"]
[Black "Doluhanova, Evgeniya"]
[Result "0-1"]
[WhiteTitle "WIM"]
[BlackTitle "WGM"]
[WhiteElo "2319"]
[BlackElo "2229"]
[WhiteFideId "13702971"]
[BlackFideId "14112035"]
[EventDate "2020.06.21"]

1. e4 e5 2. Nf3 Nc6 3. Bb5 Nf6 4. d3 Bc5 5. c3 d6 6. O-O O-O 7. Bg5 h6 8. Bh4 a6
9. Bxc6 bxc6 10. Nbd2 Re8 11. d4 Ba7 12. dxe5 dxe5 13. Qa4 Bg4 14. Rad1 Qd3 15.
Bxf6 gxf6 16. Qxc6 Rad8 17. Qxf6 Rd6 18. Qh4 Rg6 19. Kh1 Bc5 20. h3 Bxf3 21.
Nxf3 Qe2 22. b4 Be7 23. Qh5 Bd6 24. Rde1 Qxa2 25. Qf5 Ree6 26. Nh4 Rgf6 27. Qg4+
Kf8 28. Nf5 Rg6 29. Qh4 Be7 30. Nxe7 Rxe7 31. Qh5 Ree6 32. Qh4 Ref6 33. f3 Qxg2# 0-1

[Event "Women's Speed Chess Q4"]
[Site "chess.com INT"]
[Date "2020.06.21"]
[Round "7"]
[White "Karnaukhova, Elmira"]
[Black "Maltsevskaya, Aleksandra"]
[Result "1-0"]
[WhiteTitle "WGM"]
[BlackTitle "WGM"]
[WhiteElo "2319"]
[BlackElo "2272"]
[WhiteFideId "4148827"]
[BlackFideId "24174041"]
[EventDate "2020.06.21"]

1. d4 Nf6 2. c4 g6 3. Nc3 Bg7 4. e4 d6 5. h3 O-O 6. Bg5 h6 7. Be3 c5 8. dxc5 Qa5
9. Qd2 dxc5 10. Bd3 Nc6 11. Nf3 Rd8 12. Nd5 Qxd2+ 13. Bxd2 Nxd5 14. exd5 e6 15.
O-O exd5 16. cxd5 Rxd5 17. Be4 Rd8 18. Bxc6 bxc6 19. Bc3 Bxc3 20. bxc3 Be6 21.
Ne5 Rd6 22. Rfb1 Bd5 23. Rb7 Re8 24. f4 g5 25. g3 a5 26. c4 gxf4 27. gxf4 Be4
28. Re1 Bf5 29. Re2 Rd1+ 30. Kh2 f6 31. Rg2+ Kh8 32. Nf7+ Kh7 33. Nd6+ Kh8 34.
Nxe8 Be4 35. Re2 Rh1+ 36. Kg3 Rg1+ 37. Kh4 f5 38. Nf6 Rg7 39. Rb8+ 1-0

[Event "Women's Speed Chess Q4"]
[Site "chess.com INT"]
[Date "2020.06.21"]
[Round "7"]
[White "Ismayil, Malak"]
[Black "Kucharska, Honorata"]
[Result "1-0"]
[WhiteTitle "WCM"]
[BlackTitle "WFM"]
[WhiteElo "1997"]
[BlackElo "2113"]
[WhiteFideId "13412604"]
[BlackFideId "1163868"]
[EventDate "2020.06.21"]

1. e4 c5 2. Nf3 Nc6 3. Bb5 g6 4. c3 Bg7 5. d4 cxd4 6. cxd4 a6 7. Bxc6 dxc6 8.
Nc3 Nf6 9. h3 O-O 10. O-O Qc7 11. Qc2 Nd7 12. Qe2 e5 13. d5 c5 14. a4 Qd6 15.
Nd2 f5 16. Nc4 Qf6 17. f3 Rb8 18. a5 b5 19. axb6 Nxb6 20. Nxb6 Rxb6 21. Be3 Qe7
22. Na4 Rb5 23. Rfc1 fxe4 24. fxe4 Qh4 25. Bf2 Qg5 26. Qe3 Qh5 27. Rxc5 Bh6 28.
Qd3 Bd7 29. d6 Qg5 30. Rc7 Qf6 31. Bg3 Qe6 32. Nc5 Rxc5 33. Rxc5 Bb5 34. Qd5
Be3+ 35. Kh2 Qxd5 36. Rxd5 Re8 37. Rxe5 Rd8 38. Re7 Bd4 39. e5 Bxb2 40. Rb1 Ba3
41. Ra7 Bc5 42. Rc7 Bb6 43. Rb7 Bc5 44. Rd1 Be2 45. Rd2 Bb5 46. e6 g5 47. e7 Re8
48. d7 1-0

[Event "Women's Speed Chess Q4"]
[Site "chess.com INT"]
[Date "2020.06.21"]
[Round "7"]
[White "Khalafova, Narmin"]
[Black "Sowa, Wiktoria"]
[Result "1-0"]
[WhiteTitle "WGM"]
[BlackTitle "WFM"]
[WhiteElo "2279"]
[BlackElo "2093"]
[WhiteFideId "13402625"]
[BlackFideId "21836701"]
[EventDate "2020.06.21"]

1. e4 Nf6 2. e5 Nd5 3. d4 d6 4. Nf3 g6 5. Be2 Bg7 6. O-O O-O 7. c4 Nb6 8. Nc3
Nc6 9. exd6 cxd6 10. h3 Bf5 11. Be3 d5 12. c5 Nc4 13. Bxc4 dxc4 14. d5 Nb4 15.
d6 Bd3 16. Re1 Nc2 17. Bg5 Qa5 18. dxe7 Rfe8 19. Rc1 Nxe1 20. Qxe1 Qxc5 21. Ne4
Qd5 22. Nf6+ Bxf6 23. Bxf6 Rac8 24. Ne5 Qe6 25. Ng4 h5 26. Nh6+ Kh7 27. Qxe6
fxe6 28. Nf7 Rc6 29. Ne5 Rd6 30. Nf7 Rd5 31. Re1 Bf5 32. Ne5 Bd3 33. g4 hxg4 34.
hxg4 Rd4 35. Kg2 Be4+ 36. Kg3 Bd5 37. f3 Rxe7 38. Rh1+ Kg8 39. Rh8# 1-0

[Event "Women's Speed Chess Q4"]
[Site "chess.com INT"]
[Date "2020.06.21"]
[Round "7"]
[White "Tarasenka, Aliaksandra"]
[Black "Antolak, Julia"]
[Result "0-1"]
[WhiteTitle "WFM"]
[BlackTitle "WIM"]
[WhiteElo "2070"]
[BlackElo "2323"]
[WhiteFideId "13514288"]
[BlackFideId "1159569"]
[EventDate "2020.06.21"]

1. e4 c5 2. c3 d5 3. exd5 Qxd5 4. d4 Nc6 5. Nf3 Bf5 6. Be3 cxd4 7. cxd4 Bxb1 8.
Rxb1 g6 9. Qc2 e6 10. Bc4 Qd8 11. O-O Bg7 12. Rbd1 Nge7 13. Bg5 O-O 14. Qe4 Qb6
15. Bxe6 fxe6 16. Qxe6+ Kh8 17. d5 Nxd5 18. Qxd5 Rf5 19. Qd7 Raf8 20. Be3 Qb5
21. b3 a6 22. Qd3 Qa5 23. Nd4 Ne5 24. Qe4 R5f6 25. Bg5 R6f7 26. Ne6 Re8 27. Rd8
Rxd8 28. Bxd8 Qb5 29. Nxg7 Kxg7 30. Bg5 Nf3+ 31. gxf3 Qxg5+ 32. Kh1 Qh5 33. f4
Qg4 34. Qe5+ Kg8 35. Qe8+ Kg7 36. Qe5+ Kh6 37. Rg1 Qxf4 38. Qe3 Qxe3 39. fxe3
Rf2 40. a4 Rb2 0-1

[Event "Women's Speed Chess Q4"]
[Site "chess.com INT"]
[Date "2020.06.21"]
[Round "7"]
[White "Shuvalova, Polina"]
[Black "Yakimova, Mariya"]
[Result "1-0"]
[WhiteTitle "WGM"]
[BlackTitle "WFM"]
[WhiteElo "2454"]
[BlackElo "2269"]
[WhiteFideId "24171760"]
[BlackFideId "34188859"]
[EventDate "2020.06.21"]

1. e4 c5 2. Nf3 Nc6 3. Bb5 d6 4. O-O Bd7 5. Re1 Nf6 6. h3 e6 7. c3 d5 8. d3 Be7
9. Ba4 dxe4 10. dxe4 O-O 11. Bc2 e5 12. Na3 Be6 13. Qe2 h6 14. Nc4 Qc7 15. Ne3
Rad8 16. Nf5 Bxf5 17. exf5 Bd6 18. Be3 e4 19. Nd2 Rfe8 20. Nc4 Ne5 21. Nxd6 Qxd6
22. Bf4 Qc6 23. Bxe4 Nxe4 24. Qxe4 Qxe4 25. Rxe4 Nd3 26. Rxe8+ Rxe8 27. Be3 Nxb2
28. Rb1 Nc4 29. Bxc5 b6 30. Bd4 Re2 31. a4 Ra2 32. Rb4 Nd2 33. g4 Nf3+ 34. Kg2
Nxd4 35. cxd4 Kf8 36. Rc4 Rd2 37. Kf3 Ke7 38. Ke3 Ra2 39. Rc7+ Kf6 40. Rxa7 Ra3+
41. Kf4 g5+ 42. fxg6 fxg6 43. f3 g5+ 44. Ke4 Ra1 45. Ra6 Re1+ 46. Kd5 Rb1 47. a5 1-0

[Event "Women's Speed Chess Q4"]
[Site "chess.com INT"]
[Date "2020.06.21"]
[Round "7"]
[White "Zhuravleva, Olga"]
[Black "Kovanova, Baira"]
[Result "0-1"]
[WhiteTitle "WIM"]
[BlackTitle "WGM"]
[WhiteElo "2278"]
[BlackElo "2343"]
[WhiteFideId "4145933"]
[BlackFideId "4164083"]
[EventDate "2020.06.21"]

1. e4 e5 2. Nf3 Nc6 3. Bc4 Nf6 4. Ng5 d5 5. exd5 Na5 6. Bb5+ c6 7. dxc6 bxc6 8.
Be2 h6 9. Nf3 e4 10. Ne5 Qd4 11. f4 Bc5 12. Rf1 Qd6 13. c3 Bb6 14. Qa4 O-O 15.
b4 Nb7 16. Qxc6 Qe7 17. Na3 Be6 18. Nc2 Nd5 19. Ne3 Bxe3 20. dxe3 Rac8 21. Qa6
Nxc3 22. Bd2 Qh4+ 23. Rf2 Nxe2 24. Qxe2 Qxh2 25. Qf1 Qh4 26. g3 Qxg3 27. Qg2
Qxg2 28. Rxg2 Nd6 29. Ke2 Rfd8 30. Rag1 Ne8 31. a3 Rc2 32. Ke1 f6 33. Ng6 Kf7
34. Nh4 Bc4 35. Nf5 Ra2 36. Bc3 Rxa3 37. Bd4 Rb3 38. Nxg7 Rb1+ 39. Kf2 Rxg1 40.
Rxg1 Nxg7 41. Bxa7 Rd2+ 42. Kg3 Nf5+ 43. Kg4 Be6 44. Rh1 Nxe3+ 45. Kh5 Ng4 0-1

[Event "Women's Speed Chess Q4"]
[Site "chess.com INT"]
[Date "2020.06.21"]
[Round "7"]
[White "Bivol, Alina"]
[Black "Buksa, Nataliya"]
[Result "0-1"]
[WhiteTitle "WGM"]
[BlackTitle "IM"]
[WhiteElo "2386"]
[BlackElo "2410"]
[WhiteFideId "4100123"]
[BlackFideId "14123622"]
[EventDate "2020.06.21"]

1. Nf3 d5 2. g3 Nf6 3. Bg2 e6 4. b3 Be7 5. Bb2 O-O 6. O-O c5 7. d4 Nc6 8. e3 b6
9. Re1 Bb7 10. h3 Qc7 11. Nbd2 Rfd8 12. Rc1 Rac8 13. a3 h6 14. Qe2 Ne4 15. Nxe4
dxe4 16. Nd2 f5 17. dxc5 Bxc5 18. Red1 Ne5 19. Qh5 Qf7 20. Qxf7+ Nxf7 21. Nc4
Be7 22. a4 Kf8 23. Bf1 Rd5 24. Be2 Rcd8 25. Kg2 g6 26. Na3 Rxd1 27. Rxd1 Rxd1
28. Bxd1 Ke8 29. Nb5 a6 30. Nd4 Kd7 31. Ne2 e5 32. g4 Ke6 33. gxf5+ gxf5 34. Nc3
Nd6 35. Kg3 Bc6 36. Be2 Bb7 37. Nb1 Bg5 38. h4 Bf6 39. Nd2 f4+ 40. exf4 exf4+
41. Kxf4 Bxb2 42. Nf1 Bc1+ 43. Kg4 Ke5 44. Kh5 Nf5 45. Bg4 Bd5 46. Bxf5 Kxf5 47.
Ng3+ Kf4 0-1

[Event "Women's Speed Chess Q4"]
[Site "chess.com INT"]
[Date "2020.06.21"]
[Round "7"]
[White "Protopopova, Anastasiya"]
[Black "Zawadzka, Jolanta"]
[Result "0-1"]
[WhiteTitle "WFM"]
[BlackTitle "WGM"]
[WhiteElo "2192"]
[BlackElo "2419"]
[WhiteFideId "24172073"]
[BlackFideId "1122320"]
[EventDate "2020.06.21"]

1. d4 d5 2. c4 e6 3. Nf3 Nf6 4. g3 Bb4+ 5. Bd2 Be7 6. Bg2 O-O 7. O-O Nbd7 8. Qc2
Ne4 9. Rd1 c6 10. Be1 f5 11. b4 g5 12. a4 g4 13. Ne5 Nxe5 14. dxe5 Qc7 15. f3
gxf3 16. exf3 Ng5 17. h4 Nf7 18. f4 dxc4 19. Qxc4 Nh6 20. Bf2 Ng4 21. Bc5 b6 22.
Bd6 Bxd6 23. exd6 Qg7 24. Qc3 Bd7 25. Qxg7+ Kxg7 26. b5 Ne3 27. bxc6 Nxd1 28.
cxd7 Rad8 29. Bc6 Nb2 30. Nd2 Nd3 31. Rb1 Nc5 32. a5 bxa5 33. Nc4 Nxd7 34. Rb7
Rf7 35. Rxa7 Nb8 36. Rxf7+ Kxf7 37. Bb5 Kf6 38. Kf2 Rc8 39. Ne5 Rd8 40. d7 Ke7
41. Ke3 Rg8 42. Kf3 Rd8 43. g4 fxg4+ 44. Kxg4 Kf6 45. Kh5 Kf5 46. Nf7 Rxd7 47.
Bxd7 Nxd7 48. Kh6 Nf6 49. Kg7 Nh5+ 50. Kxh7 a4 51. Nd6+ Kxf4 52. Nb5 e5 53. Kg6
Kg4 54. Kf7 e4 55. Ke6 e3 0-1

[Event "Women's Speed Chess Q4"]
[Site "chess.com INT"]
[Date "2020.06.21"]
[Round "7"]
[White "Klinova, Masha"]
[Black "Ouellet, Maili-Jade"]
[Result "1-0"]
[WhiteTitle "IM"]
[BlackTitle "WGM"]
[WhiteElo "2275"]
[BlackElo "2257"]
[WhiteFideId "2802015"]
[BlackFideId "2620472"]
[EventDate "2020.06.21"]

1. e4 c5 2. Nf3 d6 3. Bb5+ Nd7 4. O-O Nf6 5. Re1 g6 6. c3 Bg7 7. d4 O-O 8. Nbd2
e5 9. a4 Qc7 10. Bd3 b6 11. Nc4 Bb7 12. d5 a6 13. Ne3 Qd8 14. Qc2 Ne8 15. h3 Nc7
16. c4 Nf6 17. Ng4 Nh5 18. g3 Qd7 19. Kh2 Kh8 20. Nh4 a5 21. Ra3 Na6 22. Be2 Nb4
23. Qd1 Rae8 24. Ne3 Nf6 25. Bg4 Qd8 26. Bf3 Bc8 27. Bg2 Ng8 28. Nc2 Nxc2 29.
Qxc2 f5 30. Rf3 f4 31. Rb3 Bf6 32. Nf3 g5 33. gxf4 gxf4 34. Rg1 Ne7 35. Bf1 Rg8
36. Qe2 Bd7 37. Ra3 Rxg1 38. Nxg1 Rg8 39. Qh5 Qe8 40. Qxe8 Bxe8 41. Rb3 Nc8 42.
Ra3 Bh4 43. f3 Bg3+ 44. Kh1 Bh5 45. b3 Be1 46. Ra2 Bc3 47. Rg2 Bd4 48. Ne2 Bxf3
49. Nxd4 Bxg2+ 50. Bxg2 cxd4 51. Kh2 Ne7 52. Bd2 Ng6 53. Be1 Kg7 54. Bf3 Kf6 55.
Bg4 Kg5 56. Kg2 Rf8 57. Kf3 Nh4+ 58. Kf2 h5 59. Be6 Ng6 60. Kg2 f3+ 61. Kf2 Nf4
62. Bd2 Kh4 63. Bf5 Nxh3+ 64. Kxf3 Ng5+ 65. Kf2 Nh3+ 66. Kf3 Ng5+ 67. Kg2 Nh3
68. Be1+ Kg5 69. Kxh3 Kf4 70. Bd2+ Kf3 71. Bh6 Rg8 72. Kh4 Rg1 73. Kxh5 1-0

[Event "Women's Speed Chess Q4"]
[Site "chess.com INT"]
[Date "2020.06.21"]
[Round "7"]
[White "Chitlange, Sakshi"]
[Black "Thipsay, Bagyashree Sathe"]
[Result "1-0"]
[WhiteTitle "WIM"]
[BlackTitle "WIM"]
[WhiteElo "2167"]
[BlackElo "2072"]
[WhiteFideId "35002899"]
[BlackFideId "5001013"]
[EventDate "2020.06.21"]

1. d4 d5 2. c4 e6 3. Nc3 Be7 4. cxd5 exd5 5. Bf4 Nf6 6. e3 c6 7. Bd3 Nbd7 8. Nf3
Nf8 9. h3 Ne6 10. Be5 Bd6 11. O-O Bxe5 12. dxe5 Nd7 13. Rc1 O-O 14. b4 Re8 15.
e4 d4 16. Ne2 Nef8 17. Rc4 Nxe5 18. Nxe5 Rxe5 19. Rxd4 Qc7 20. f4 Re8 21. e5 Ne6
22. Rc4 b5 23. Rc1 Qb6+ 24. Kh1 Bb7 25. Qc2 Nf8 26. Be4 Rac8 27. Rfd1 a5 28. a3
axb4 29. axb4 Qf2 30. Rf1 Qb6 31. Rf3 g6 32. Rc3 Red8 33. Rd3 Rxd3 34. Qxd3 Rd8
35. Qf3 Ne6 36. Bxc6 Bxc6 37. Rxc6 Qa7 38. Rc1 Qa4 39. Qc3 Qa2 40. Rc2 Qb1+ 41.
Kh2 Rd1 42. Rc1 Rxc1 43. Nxc1 Nxf4 44. Nb3 Qe4 45. Qg3 Nd3 46. e6 1-0

[Event "Women's Speed Chess Q4"]
[Site "chess.com INT"]
[Date "2020.06.21"]
[Round "7"]
[White "Mkrtchian, Lilit"]
[Black "Swati, Mohota"]
[Result "1-0"]
[WhiteTitle "IM"]
[BlackTitle "WFM"]
[WhiteElo "2388"]
[BlackElo "2027"]
[WhiteFideId "13300601"]
[BlackFideId "5006511"]
[EventDate "2020.06.21"]

1. d4 d5 2. c4 c6 3. Nf3 Nf6 4. e3 Bf5 5. Nc3 e6 6. Nh4 Bg4 7. Qb3 Qb6 8. h3 Bh5
9. g4 Qxb3 10. axb3 Bg6 11. Nxg6 hxg6 12. g5 Nh5 13. c5 Be7 14. h4 Nd7 15. b4 a6
16. b5 cxb5 17. Bxb5 O-O-O 18. Be2 e5 19. Nxd5 Rhe8 20. Kf1 Kb8 21. Bd2 Bf8 22.
Ba5 Rc8 23. Bg4 exd4 24. Bxd7 Bxc5 25. Bxc8 Rxc8 26. Rc1 dxe3 27. fxe3 Ng3+ 28.
Kg2 Nxh1 29. Kxh1 Bd6 30. Rxc8+ Kxc8 31. Bc3 Kd7 32. Bxg7 Bg3 33. h5 gxh5 34.
Nf6+ Ke6 35. Nxh5 Be1 36. Kg2 Bd2 37. Kf3 b5 38. Nf4+ Kf5 39. Bf6 Bxe3 40. Kxe3
a5 41. Nd5 a4 42. Nc3 b4 43. Nxa4 b3 44. Kd3 Ke6 45. Kc3 Kd5 46. Kxb3 Kc6 47.
Kc3 Kb5 48. b3 Kc6 49. Kc4 Kb7 50. b4 Kc6 51. b5+ Kb7 52. Kc5 Kc7 53. b6+ Kb7
54. Kb5 Ka8 55. Nc5 Kb8 56. Be5+ Ka8 57. b7+ Ka7 58. b8=Q# 1-0

[Event "Women's Speed Chess Q4"]
[Site "chess.com INT"]
[Date "2020.06.21"]
[Round "7"]
[White "Zvereva, Margarita"]
[Black "Sviridova, Vlada"]
[Result "1-0"]
[WhiteTitle "WFM"]
[BlackTitle "WFM"]
[WhiteElo "1929"]
[BlackElo "2144"]
[WhiteFideId "34177741"]
[BlackFideId "24109606"]
[EventDate "2020.06.21"]

1. d4 d5 2. Nf3 Nf6 3. e3 e6 4. Bd3 c5 5. b3 Nc6 6. a3 Be7 7. Bb2 O-O 8. O-O b6
9. Nbd2 Bb7 10. Qe2 cxd4 11. Nxd4 Rc8 12. c4 Nxd4 13. Bxd4 dxc4 14. Nxc4 Qd5 15.
f3 Rfd8 16. Rfd1 Ba8 17. Bxf6 Bxf6 18. Bxh7+ Kxh7 19. Rxd5 exd5 20. Nb2 d4 21.
exd4 Bxd4+ 22. Kh1 Bf6 23. Rd1 Rxd1+ 24. Qxd1 Rd8 25. Qc2+ g6 26. Nc4 Rc8 27.
Qd1 Rd8 28. Qe1 b5 29. Ne3 Re8 30. Qf2 Kg7 31. Ng4 Bc3 32. h4 a5 33. Qc5 b4 34.
Qxa5 Be1 35. axb4 Bg3 36. Qa1+ Kf8 37. Qh8+ Ke7 38. Qd4 Kf8 39. Qc5+ Kg7 40.
Qc3+ Kf8 41. Ne3 Bf2 42. Qh8+ Ke7 43. Qe5+ Kf8 44. Qd6+ Kg8 45. Ng4 Bg3 46. Qxg3
Rd8 47. Nf6+ Kg7 48. Nh5+ Kh6 49. Qg5+ 1-0

[Event "Women's Speed Chess Q4"]
[Site "chess.com INT"]
[Date "2020.06.21"]
[Round "7"]
[White "Munkhzul, Davaakhuu"]
[Black "Schut, Lisa"]
[Result "1/2-1/2"]
[WhiteTitle "WFM"]
[BlackTitle "WIM"]
[WhiteElo "1991"]
[BlackElo "2259"]
[WhiteFideId "4902815"]
[BlackFideId "1019481"]
[EventDate "2020.06.21"]

1. e4 c5 2. Nf3 d6 3. d4 cxd4 4. Nxd4 Nf6 5. Nc3 a6 6. Nb3 g6 7. Be3 Bg7 8. f3
Nc6 9. Qd2 Be6 10. g4 h5 11. g5 Nd7 12. O-O-O b5 13. Nd5 O-O 14. Kb1 Nce5 15. f4
Nc4 16. Bxc4 bxc4 17. Nc1 Rb8 18. Bd4 Bxd4 19. Qxd4 Bxd5 20. exd5 Qb6 21. Rhe1
Nc5 22. b3 Qa5 23. Qxc4 Rfc8 24. Qf1 Na4 25. Ne2 Qc5 26. c4 Qa3 27. Rd2 Rxb3+
28. axb3 Qxb3+ 29. Ka1 Rb8 30. Rb1 Qa3+ 31. Ra2 Rxb1+ 32. Qxb1 Qe3 33. Rxa4 Qxe2
34. Rxa6 Qe3 35. Ra8+ Kh7 36. Qb2 f6 37. gxf6 Qxf4 38. fxe7 Qf1+ 39. Ka2 Qxc4+
40. Ka3 Qd3+ 41. Ka2 Qxd5+ 42. Kb1 Qxa8 43. Qf6 Qe4+ 44. Kb2 Qe1 45. Qf8 Qe2+
46. Kb3 Qe3+ 47. Kb4 Qe4+ 48. Kb3 Qe6+ 49. Kc2 Qe4+ 50. Kd2 Qd4+ 51. Ke2 Qe4+
52. Kf2 Qd4+ 53. Kg3 Qe5+ 54. Kg2 Qe4+ 55. Kf2 Qd4+ 56. Ke2 Qe4+ 57. Kd2 Qd4+
58. Kc2 Qc4+ 59. Kb2 Qb4+ 60. Kc2 Qc4+ 61. Kd2 Qd4+ 1/2-1/2

[Event "Women's Speed Chess Q4"]
[Site "chess.com INT"]
[Date "2020.06.21"]
[Round "7"]
[White "Vifleemskaia, Svetlana"]
[Black "Zakirova, Aisha"]
[Result "1-0"]
[WhiteTitle "WFM"]
[BlackTitle "WCM"]
[WhiteElo "1943"]
[BlackElo "1585"]
[WhiteFideId "4129490"]
[BlackFideId "13719734"]
[EventDate "2020.06.21"]

1. d4 Nf6 2. c4 e6 3. Nc3 Bb4 4. e3 O-O 5. Ne2 b6 6. a3 Bxc3+ 7. Nxc3 Bb7 8. d5
exd5 9. cxd5 d6 10. g3 Nbd7 11. Bg2 a5 12. O-O Nc5 13. e4 Re8 14. Re1 Ba6 15.
Re3 Qd7 16. h3 a4 17. Rb1 Qd8 18. Bd2 Nfd7 19. f4 Bd3 20. Rc1 b5 21. Be1 Bc4 22.
Bf2 Nb6 23. Bf1 Bb3 24. Qg4 Nc4 25. Bxc4 Bxc4 26. Rd1 Rb8 27. e5 b4 28. Ne4 Nxe4
29. Rxe4 Bb3 30. Rd2 bxa3 31. bxa3 Qc8 32. Qxc8 Rexc8 33. e6 fxe6 34. dxe6 g6
35. g4 Rf8 36. e7 Rfe8 37. Bh4 h6 38. Bf6 Kf7 39. g5 Be6 40. Rxa4 Rb3 41. Ra7
Rxh3 42. Rc2 c5 43. Ra6 Bf5 44. Rh2 Rxh2 45. Kxh2 hxg5 46. fxg5 Ke6 47. Kg3 c4
48. Kf4 c3 49. Bxc3 Kxe7 50. Bf6+ Ke6 51. a4 Rb8 52. a5 Rb4+ 53. Ke3 Ra4 54. Ra7
Ra3+ 55. Kd2 Kd5 56. a6 Kc6 57. Ra8 Kb6 58. Bd4+ Kc6 59. a7 Kb7 60. Rb8+ Kc6 61.
a8=Q+ Rxa8 62. Rxa8 1-0